[Event "Vadsøsjakken"]
[Site "Vadsø"]
[Date "2010.08.28"]
[Round "3"]
[White "Grønn, Atle"]
[Black "Demac, Elias"]
[Result "1-0"]
[WhiteElo "2378"]
[BlackElo "2112"]
[Annotator ""]
[Source ""]
[Remark "Gruppe A"]

1.Nf3 Nf6 2.c4 c6 3.d4 d5 4.Qc2 dxc4 5.e4 Bg4 6.Nbd2 b5 7.a4
e6 8.b3 Bxf3 9.gxf3 Qxd4 10.Bb2 cxb3 11.Qxb3 Qb4 12.Qc2 Qc5 13.Qxc5
Bxc5 14.axb5 cxb5 15.Rc1 Nbd7 16.Bxb5 Bb4 17.Bxf6 gxf6 18.Rc7
Rd8 19.Ke2 a6 20.Ba4 Bxd2 21.Kxd2 Rg8 22.Ke3 Ke7 23.Rd1 Rg2 24.Bxd7 1-0

[Event "Vadsøsjakken"]
[Site "Vadsø"]
[Date "2010.08.28"]
[Round "3"]
[White "Houska, Jovanka"]
[Black "Tiviakov, Sergei"]
[Result "1/2-1/2"]
[WhiteElo "2421"]
[BlackElo "2623"]
[Annotator ""]
[Source ""]
[Remark "Gruppe A"]

1.d4 Nf6 2.Nf3 e6 3.c4 b6 4.g3 Bb4+ 5.Bd2 Be7 6.Bg2 c6 7.O-O
d5 8.Nc3 O-O 9.Bf4 Bb7 10.Rc1 dxc4 11.Ne5 Nd5 12.Nxc4 Na6 13.Nxd5
cxd5 14.Ne5 Qe8 15.Qb3 Rd8 16.a4 f6 17.Nd3 Bc6 18.Ra1 Qd7 19.Rfc1
Rc8 20.Bh3 Rfe8 21.Rc2 Bd8 22.Qa2 Be7 23.Bd2 Bb7 24.Rac1 1/2-1/2

[Event "Vadsøsjakken"]
[Site "Vadsø"]
[Date "2010.08.28"]
[Round "3"]
[White "Kristensen, Kjell Ole"]
[Black "Holm, Kristian Stuvik"]
[Result "0-1"]
[WhiteElo "2017"]
[BlackElo "2035"]
[Annotator ""]
[Source ""]
[Remark "Gruppe A"]

1.e4 c5 2.Nf3 g6 3.d4 cxd4 4.Nxd4 Bg7 5.Nc3 Nc6 6.Be3 Nf6 7.h3
O-O 8.g4 d5 9.Bg2 Nxe4 10.Nxe4 Bxd4 11.Bxd4 dxe4 12.Bc3 f5 13.Qc1
Qd6 14.Qh6 e5 15.O-O fxg4 16.Bxe4 gxh3 17.f4 Bf5 18.Bxf5 Rxf5
19.fxe5 Qc5+ 20.Kh2 Rf2+ 21.Kxh3 Raf8 22.Rg1 R2f3+ 23.Kh2 Rf2+
24.Kh3 R8f3+ 25.Rg3 Ne7 26.Qg5 Rxg3+ 27.Qxg3 Qc8+ 0-1

[Event "Vadsøsjakken"]
[Site "Vadsø"]
[Date "2010.08.28"]
[Round "3"]
[White "Bue, Gunnar"]
[Black "Walseth, Tron"]
[Result "0-1"]
[WhiteElo "1674"]
[BlackElo "1950"]
[Annotator ""]
[Source ""]
[Remark "Gruppe A"]

1.d4 Nf6 2.c4 e6 3.Nf3 Bb4+ 4.Nbd2 d5 5.e3 O-O 6.a3 Be7 7.b3
Nbd7 8.Bb2 b6 9.Bd3 Bb7 10.O-O Rc8 11.Qe2 Ne4 12.cxd5 exd5 13.Ba6
Bxa6 14.Qxa6 Nxd2 15.Nxd2 Ra8 16.b4 f5 17.Rac1 Bd6 18.f4 Qe7
19.Qd3 Nf6 20.Nf3 Ne4 21.Nd2 Nxd2 22.Qxd2 Rae8 23.Rf3 Qe4 24.Qc2
Qe7 25.Qf2 Rf6 26.Rc3 Rh6 27.Bc1 Ra8 28.Qc2 Qe6 29.Qa4 g5 30.g3
gxf4 31.gxf4 Kh8 32.Qd1 Rg8+ 33.Rg3 Rxg3+ 34.hxg3 Qe4 0-1

[Event "Vadsøsjakken"]
[Site "Vadsø"]
[Date "2010.08.28"]
[Round "3"]
[White "Hanssen, Gunnar Berg"]
[Black "Andreassen, Arnold"]
[Result "1-0"]
[WhiteElo "2085"]
[BlackElo "2098"]
[Annotator ""]
[Source ""]
[Remark "Gruppe A"]

1.Nf3 Nf6 2.c4 g6 3.g3 Bg7 4.Bg2 O-O 5.d4 d5 6.cxd5 Nxd5 7.O-O
Nb6 8.Nc3 Nc6 9.e3 Re8 10.Re1 a5 11.h3 h6 12.d5 Nb4 13.e4 e6
14.a3 Na6 15.Bf4 exd5 16.exd5 Rxe1+ 17.Qxe1 Nc5 18.Qe3 g5 19.Bxg5
hxg5 20.Qxc5 g4 21.hxg4 Bxg4 22.Re1 Qf6 23.Re4 Bxf3 24.Rf4 Qd6
25.Qxd6 cxd6 26.Bxf3 Bxc3 27.bxc3 Rc8 28.Bh5 Rxc3 29.Bxf7+ Kg7
30.Be6 Rxa3 31.Rf7+ Kg6 32.Rxb7 Nc4 33.g4 a4 34.f4 Rb3 35.Ra7
a3 36.Kh2 Rb5 37.Bf5+ Kf6 38.Bd3 Rxd5 39.g5+ 1-0

[Event "Vadsøsjakken"]
[Site "Vadsø"]
[Date "2010.08.28"]
[Round "3"]
[White "Feoktistov, Aleksei"]
[Black "Arvola, Benjamin"]
[Result "1-0"]
[WhiteElo "2424"]
[BlackElo "2170"]
[Annotator ""]
[Source ""]
[Remark "Gruppe A"]

1.d4 f5 2.c4 e6 3.g3 Nf6 4.Bg2 c6 5.Nf3 d5 6.b3 Bd6 7.O-O Qe7
8.a4 a5 9.Ba3 Bxa3 10.Nxa3 O-O 11.Ne5 Nbd7 12.f4 Ne4 13.Bxe4
fxe4 14.Nc2 Nxe5 15.fxe5 Bd7 16.Qd2 b6 17.Qe3 Rxf1+ 18.Rxf1 Be8
19.c5 Rb8 20.cxb6 Rxb6 21.Qc3 h6 22.Rb1 Qb7 23.Kf2 Bh5 24.h3
Qf7+ 25.Ke1 Bg6 26.Qxa5 e3 27.Nxe3 Qb7 28.Rb2 Rxb3 29.Rxb3 Qxb3
30.Kf2 Qb7 31.Qd8+ Kh7 32.Qh4 Qa7 33.Qg4 h5 34.Qh4 Qxa4 35.Ng2
Qc2 36.Nf4 Qf5 37.Qe7 Bf7 38.h4 Kh6 39.Qd7 g5 40.hxg5+ Kxg5 41.Qd8+
Kh6 42.Qh8+ Kg5 43.Qg7+ Bg6 44.Qe7+ Kh6 45.Qxe6 Qxe6 46.Nxe6
Bf7 47.Nd8 Be8 48.Kf3 Kg6 49.Kf4 Bd7 50.e6 Be8 51.Ke5 Kg5 52.Nf7+
Kg4 53.Nd6 Bg6 54.Kf6 1-0

[Event "Vadsøsjakken"]
[Site "Vadsø"]
[Date "2010.08.28"]
[Round "3"]
[White "Aanstad, Magnus"]
[Black "Esbensen, Andreas"]
[Result "0-1"]
[WhiteElo "1896"]
[BlackElo "2050"]
[Annotator ""]
[Source ""]
[Remark "Gruppe A"]

1.e4 e6 2.d4 d5 3.Nc3 dxe4 4.Nxe4 Bd7 5.Nf3 Bc6 6.Bd3 Nd7 7.O-O
Ngf6 8.Nxf6+ Nxf6 9.Qe2 Bxf3 10.Qxf3 c6 11.Be3 Be7 12.c4 O-O
13.Rad1 Qc7 14.Qh3 Qa5 15.Bb1 Rfd8 16.c5 Rd5 17.Rd3 Qc7 18.f4
Rad8 19.Rb3 Rxd4 20.Bxd4 {(=)} Rxd4 21.Qc3 Rd5 22.Qf3 Bxc5+ 23.Kh1
a5 24.Rd3 Bd4 25.b3 b5 26.h3 c5 27.Rfd1 h5 28.a4 b4 29.R3d2 h4
30.Bd3 Nh5 31.Bc4 Ng3+ 32.Kh2 Rd8 33.Qg4 Nf5 34.Qf3 g5 35.Bd3
Ne3 36.Qh5 Qxf4+ 37.Kh1 Nxd1 38.Rxd1 Kf8 39.Rf1 Bf2 40.Qe2 Qe3
41.Rxf2 Rxd3 0-1

[Event "Vadsøsjakken"]
[Site "Vadsø"]
[Date "2010.08.28"]
[Round "3"]
[White "Brasøy, Aksel"]
[Black "Hagesæther, Arne"]
[Result "0-1"]
[WhiteElo "2081"]
[BlackElo "2081"]
[Annotator ""]
[Source ""]
[Remark "Gruppe A"]

1.d4 Nf6 2.c4 e6 3.Nc3 Bb4 4.e3 O-O 5.Bd3 d5 6.Nf3 b6 7.O-O c5
8.a3 Bxc3 9.bxc3 Nc6 10.Bb2 Bb7 11.cxd5 Qxd5 12.Re1 Qh5 13.e4
Rad8 14.Qe2 Rd7 15.h3 Rfd8 16.Qe3 h6 17.Rad1 cxd4 18.cxd4 Nh7
19.Be2 Qa5 20.Qb3 Ng5 21.Bc3 Nxf3+ 22.Bxf3 Qg5 23.Qb2 Ne7 24.Re3
f5 25.Qb3 Rd6 26.d5 fxe4 27.Bxe4 Bxd5 28.Bxd5 Rxd5 29.Rde1 Nf5
30.Rxe6 Nh4 31.g3 Nf3+ 32.Kg2 Nxe1+ 33.Rxe1 Kh8 34.Re4 R5d7 35.Qb2
Qd5 36.f3 Qd1 37.Rg4 Rd2+ 0-1

[Event "Vadsøsjakken"]
[Site "Vadsø"]
[Date "2010.08.28"]
[Round "3"]
[White "Tsjembajev, Evgenij"]
[Black "Dezhurko, Arkadi"]
[Result "1-0"]
[WhiteElo "2203"]
[BlackElo "2151"]
[Annotator ""]
[Source ""]
[Remark "Gruppe A"]

1.d4 d5 2.c4 c6 3.cxd5 cxd5 4.Nc3 Nc6 5.Nf3 Nf6 6.Bf4 e6 7.e3
Bd6 8.Bg5 h6 9.Bh4 Qb6 10.Qc2 Ne4 11.Nxe4 dxe4 12.Nd2 f5 13.a3
Qa5 14.O-O-O O-O 15.Nc4 Qd5 16.Nxd6 Qxd6 17.Bg3 Qe7 18.Qc5 Qxc5+
19.dxc5 e5 20.Bc4+ Kh8 21.h4 f4 22.Bh2 Bg4 23.Rd2 Rac8 24.Rc2
Ne7 25.b4 a5 26.Kb2 Rcd8 27.Kc3 axb4+ 28.axb4 Ng6 29.Re1 Nxh4
30.exf4 exf4 31.Ra2 Bf5 32.Rg1 g5 33.Ra7 Rd7 34.g4 Bh7 35.c6
Re7 36.b5 Bg8 37.Rxb7 Rxb7 38.cxb7 Rb8 39.Ra1 Nf3 40.Ra8 Rxb7
41.Bxg8 Kg7 42.Kb4 Nd4 43.Bc4 Nxb5 44.Bxb5 Rc7 45.Re8 h5 46.Re5
Kf6 47.Rf5+ Kg6 48.Be8+ Kh6 49.Bxh5 Rc2 50.Bxf4 gxf4 1-0

[Event "Vadsøsjakken"]
[Site "Vadsø"]
[Date "2010.08.28"]
[Round "3"]
[White "Johnsen, Kjell Magne"]
[Black "Boitsov, Gennadij"]
[Result "0-1"]
[WhiteElo "1937"]
[BlackElo "2224"]
[Annotator ""]
[Source ""]
[Remark "Gruppe A"]

1.d4 Nf6 2.c4 e6 3.Nc3 Bb4 4.e3 O-O 5.Bd3 Bxc3+ 6.bxc3 d6 7.Ne2
e5 8.e4 Re8 9.f3 Nbd7 10.O-O Nf8 11.Bg5 h6 12.Be3 Ng6 13.Qd2
Bd7 14.Rab1 b6 15.c5 dxc5 16.dxc5 Qe7 17.Ng3 Red8 18.Rfe1 Be6
19.Qc2 Nf4 20.Bf1 N6h5 21.Nxh5 Nxh5 22.g3 Nf6 23.a4 Nd7 24.cxb6
axb6 25.Red1 Nc5 26.Bb5 Rxd1+ 27.Qxd1 Rd8 28.Qc2 Nb7 29.Rd1 Rxd1+
30.Qxd1 Qa3 31.Qc1 Qa2 32.Qd2 Nd6 33.Kf2 Bc4 34.Bc6 Qb1 35.Qe1
Qd3 36.g4 Be6 37.Qd2 Qc4 38.Bd5 Bxd5 39.Qxd5 Qxc3 40.Qa8+ Kh7
41.Qd5 Nc4 42.Bxh6 Kxh6 43.Qxf7 Qd2+ 44.Kg3 Qf4+ 45.Qxf4+ exf4+
46.Kxf4 Kg6 47.h4 Nb2 48.h5+ Kf7 49.g5 Nxa4 50.Kf5 Nc5 51.Ke5
b5 52.Kd5 Ne6 53.h6 Nxg5 54.f4 gxh6 0-1

[Event "Vadsøsjakken"]
[Site "Vadsø"]
[Date "2010.08.28"]
[Round "3"]
[White "Lubnin, Leonid"]
[Black "Røyset, Pål"]
[Result "1-0"]
[WhiteElo "2178"]
[BlackElo "2141"]
[Annotator ""]
[Source ""]
[Remark "Gruppe A"]

1.c4 e5 2.b3 Nc6 3.Bb2 g6 4.e3 Bg7 5.Nf3 Nge7 6.Be2 O-O 7.d4
e4 8.Nfd2 f5 9.a3 d5 10.b4 f4 11.O-O f3 12.gxf3 exf3 13.Bxf3
Bh3 14.Re1 dxc4 15.b5 Na5 16.Bc3 b6 17.Bxa5 bxa5 18.Nc3 a6 19.Rb1
axb5 20.Rxb5 Ra6 21.Bg4 Bxg4 22.Qxg4 Nf5 23.Nce4 h5 24.Qe2 Qh4
25.Ng3 c3 26.Nf3 Qf6 27.Ne5 Qe6 28.Rc1 Nd6 29.Rc5 Rb6 30.Nc4
h4 31.Nh1 Bxd4 32.Rxc7 Rfb8 33.Nxd6 Rxd6 34.Qc4 Be5 35.f4 Bf6
36.e4 Qxc4 37.Rxc4 Bd4+ 38.Kg2 Rb2+ 39.Kh3 Rd2 40.e5 Rd7 41.Kxh4
Rxh2+ 42.Kg4 Rd2 43.Ng3 Rb7 44.Ne4 Rd3 45.Nd6 Rb2 {%07-2042228938}
46.Kg5 Rf2 47.Rc8+ Kg7 48.Rc7+ Kf8 49.Ne4 Rxf4 50.Rb1 Rf7 51.Rc8+
Kg7 52.Nf6 Rxf6 53.exf6+ Bxf6+ 54.Kf4 Rd4+ 55.Ke3 Rh4 56.Rb7+
Kh6 57.Rc6 Rh3+ 58.Ke2 Bd4 1-0

[Event "Vadsøsjakken"]
[Site "Vadsø"]
[Date "2010.08.29"]
[Round "4"]
[White "Houska, Jovanka"]
[Black "Grønn, Atle"]
[Result "1/2-1/2"]
[WhiteElo "2421"]
[BlackElo "2378"]
[Annotator ""]
[Source ""]
[Remark "Gruppe A"]

1.d4 d6 2.Nf3 g6 3.g3 Bg7 4.Bg2 c5 5.c4 cxd4 6.Nxd4 Qb6 7.e3
Nc6 8.Nxc6 bxc6 9.O-O Nf6 10.Bd2 O-O 11.Bc3 a5 12.b3 a4 13.Nd2
Be6 14.Qc2 axb3 15.axb3 Rfb8 16.Rxa8 1/2-1/2

[Event "Vadsøsjakken"]
[Site "Vadsø"]
[Date "2010.08.29"]
[Round "4"]
[White "Esbensen, Andreas"]
[Black "Schølseth, Tor Kristian"]
[Result "1-0"]
[WhiteElo "2050"]
[BlackElo "2017"]
[Annotator ""]
[Source ""]
[Remark "Gruppe A"]

1.e4 c5 2.Nc3 Nc6 3.Bb5 g6 4.Bxc6 bxc6 5.d3 Bg7 6.f4 d6 7.Nf3
e6 8.O-O Ne7 9.Qe1 O-O 10.Be3 Rb8 11.Rb1 Qa5 12.Qh4 Rb7 13.Ng5
h6 14.Nf3 f5 15.Bd2 Qd8 {(=)} 16.Qf2 Bd7 17.e5 Qb8 18.exd6 Qxd6
19.Ne5 Bxe5 20.fxe5 Qxe5 21.Bxh6 Rfb8 22.Bf4 1-0

[Event "Vadsøsjakken"]
[Site "Vadsø"]
[Date "2010.08.29"]
[Round "4"]
[White "Demac, Elias"]
[Black "Rølvåg, Mikael"]
[Result "1-0"]
[WhiteElo "2112"]
[BlackElo "2086"]
[Annotator ""]
[Source ""]
[Remark "Gruppe A"]

1.d4 Nf6 2.Bg5 e6 3.e4 h6 4.Bxf6 Qxf6 5.c3 d6 6.Bd3 e5 7.Ne2
Nc6 8.O-O Bd7 9.d5 Nd8 10.f4 g6 11.Nd2 Bg7 12.fxe5 Qxe5 13.Nf3
Qe7 14.Qd2 O-O 15.Rae1 c5 16.c4 a6 17.Nc3 b6 18.Re2 Bg4 19.h3
Bxf3 20.gxf3 Qg5+ 21.Qxg5 hxg5 22.Rg2 Bd4+ 23.Kh1 Bf6 24.h4 gxh4
25.f4 Kg7 26.Re1 Re8 27.Rge2 Bd4 28.e5 Nb7 29.Na4 Re7 30.Nxb6
Rae8 31.e6 Rh8 32.f5 g5 33.Rg2 f6 34.Na4 Nd8 35.Rb1 a5 36.Nc3
Be5 37.Nb5 h3 38.Rg4 h2 39.Bf1 Kf8 40.Re4 {'time'} 1-0

[Event "Vadsøsjakken"]
[Site "Vadsø"]
[Date "2010.08.29"]
[Round "4"]
[White "Dezhurko, Arkadi"]
[Black "Walseth, Tron"]
[Result "1-0"]
[WhiteElo "2151"]
[BlackElo "1950"]
[Annotator ""]
[Source ""]
[Remark "Gruppe A"]

1.e4 c5 2.d4 cxd4 3.Nf3 d6 4.Nxd4 Nf6 5.Bc4 e6 6.Nc3 a6 7.a4
Be7 8.Be3 O-O 9.f3 Nbd7 10.Qd2 d5 11.exd5 Nb6 12.Bb3 Nbxd5 13.Nxd5
Nxd5 14.Bxd5 Qxd5 15.O-O Rd8 16.Rad1 Qh5 17.g4 Qh4 18.Qa5 Bd7
19.b3 b5 20.c4 h5 21.Qe1 Qxe1 22.Rfxe1 bxc4 23.bxc4 hxg4 24.fxg4
Rac8 25.Nf3 Bxa4 26.Rxd8+ Bxd8 27.c5 Be7 28.Rc1 f6 29.g5 Kf7
30.h4 Bc6 31.Kf2 Bxf3 32.Kxf3 fxg5 33.hxg5 Rc6 34.Ke4 Kg6 35.Rb1
Bd8 36.Kd4 Bc7 37.Rb7 Kf5 {'time'} 1-0

[Event "Vadsøsjakken"]
[Site "Vadsø"]
[Date "2010.08.29"]
[Round "4"]
[White "Røyset, Pål"]
[Black "Flermoen, Peter"]
[Result "1-0"]
[WhiteElo "2060"]
[BlackElo "2110"]
[Annotator ""]
[Source ""]
[Remark "Gruppe A"]

1.e4 c5 2.Nf3 Nc6 3.Bb5 g6 4.O-O Bg7 5.Re1 Nf6 6.Nc3 O-O 7.d4
cxd4 8.Nxd4 Qc7 9.Nf3 d6 10.h3 Rd8 11.Bg5 Be6 12.Qe2 Ne5 13.Rad1
a6 14.Bd3 Nxf3+ 15.Qxf3 Nd7 16.Nd5 Bxd5 17.exd5 Ne5 18.Qe2 Rd7
19.c3 b5 20.Bb1 f6 21.Bc1 Qc4 22.Qe3 a5 23.f4 Bh6 24.Qg3 Nf7
25.Re4 Qc8 26.Rde1 Raa7 27.Be3 Rab7 28.Bd4 Bg7 29.Re6 Qc4 30.Qf3
b4 31.b3 Qc7 32.c4 a4 33.h4 Nd8 34.R6e3 Nf7 35.h5 g5 36.g3 Qd8
37.Bf5 gxf4 38.gxf4 Nh6 39.Be6+ Kh8 40.Qg2 Rdc7 41.Rg3 Qf8 42.Kh1 1-0

[Event "Vadsøsjakken"]
[Site "Vadsø"]
[Date "2010.08.29"]
[Round "4"]
[White "Andreassen, Arnold"]
[Black "Arvola, Benjamin"]
[Result "0-1"]
[WhiteElo "2098"]
[BlackElo "2170"]
[Annotator ""]
[Source ""]
[Remark "Gruppe A"]

1.e4 c5 2.Nf3 d6 3.Bb5+ Nd7 4.d4 cxd4 5.Qxd4 Ngf6 6.Bg5 e6 7.Nc3
Be7 8.O-O O-O 9.Rfd1 Nc5 10.e5 dxe5 11.Qxe5 Qb6 12.a4 a5 13.Rd4
h6 14.Be3 Qa7 15.Qg3 Kh8 16.Ne5 Qb8 17.Nxf7+ Rxf7 18.Qg6 Kg8
19.Rad1 Nh7 20.Rg4 Nf8 21.Qxh6 e5 22.Rg3 Be6 23.Nd5 Ne4 24.Nxe7+
Rxe7 25.Rg6 Nxg6 26.Qxg6 Nf6 27.Bc5 Rf7 28.Rd6 Qc7 29.Rxe6 Qxc5
30.h4 Nh7 31.Qg3 Raf8 32.Rg6 Qxc2 33.Kh2 Kh8 34.f3 Qxb2 35.h5
Rxf3 36.h6 gxh6 37.Rg8+ Rxg8 38.Qxf3 Qd4 39.Bd3 Qf4+ 0-1

[Event "Vadsøsjakken"]
[Site "Vadsø"]
[Date "2010.08.29"]
[Round "4"]
[White "Getz, Nicolai"]
[Black "Lubnin, Leonid"]
[Result "1-0"]
[WhiteElo "2252"]
[BlackElo "2178"]
[Annotator ""]
[Source ""]
[Remark "Gruppe A"]

1.e4 c5 2.Nf3 e6 3.d4 cxd4 4.Nxd4 a6 5.Bd3 b6 6.c4 Bb7 7.Nc3
Qc7 8.Be3 d6 9.O-O Nf6 10.Qe2 Be7 11.Rfc1 Nbd7 12.b4 O-O 13.f3
Rac8 14.Nb3 Ne5 15.Na4 Nfd7 16.c5 Nxd3 17.Qxd3 bxc5 18.bxc5 dxc5
19.Naxc5 Nxc5 20.Bxc5 Rfd8 21.Qe3 Bxc5 22.Nxc5 Qe7 23.Rab1 Rc7
24.Rc3 h6 25.Rbc1 Qd6 26.Rd3 Qe7 27.Rxd8+ Qxd8 28.h3 Qd6 29.Qd3
Qf4 30.Rc4 Qg5 31.Nxe6 Qc1+ 32.Rxc1 Rxc1+ 33.Kf2 fxe6 34.Kg3
Bc8 35.Kf4 Rc5 36.Qd6 Rc2 37.Ke5 Kf7 38.g4 Ke8 39.a4 Rc3 40.Qb8
Kd7 41.Qa7+ Rc7 42.Qd4+ Ke8 43.f4 Bd7 44.h4 Rc2 45.h5 Rc7 46.g5
hxg5 47.fxg5 Kf7 48.Kd6 Rb7 49.h6 gxh6 50.gxh6 1-0

[Event "Vadsøsjakken"]
[Site "Vadsø"]
[Date "2010.08.29"]
[Round "4"]
[White "Boitsov, Gennadij"]
[Black "Feoktistov, Aleksei"]
[Result "1/2-1/2"]
[WhiteElo "2224"]
[BlackElo "2424"]
[Annotator ""]
[Source ""]
[Remark "Gruppe A"]

1.d4 Nf6 2.f4 d5 3.Nf3 g6 4.e3 Bg7 5.Bd3 O-O 6.Nbd2 c5 7.c3 b6
8.Qe2 a5 9.Ne5 a4 10.a3 Ba6 11.Bxa6 Nxa6 12.O-O e6 13.Qb5 Nb8
14.dxc5 bxc5 15.Qxc5 Nfd7 16.Nxd7 Qxd7 17.e4 d4 18.e5 Nc6 19.Ne4
Rfc8 20.cxd4 Nxe5 21.Qd6 Rc6 22.Qxd7 Nxd7 23.Be3 Rc2 24.Rf2 Rxf2
25.Kxf2 Rb8 26.Rb1 Nb6 27.Nc5 Nc4 28.Nxa4 Nxa3 29.Rc1 Nb5 30.Rc4
Nd6 31.Rc6 Nf5 32.Rc4 h5 33.Ke2 Rb3 34.Bf2 Nd6 35.Rc6 Ne4 36.Bg1
Rb4 37.Kd3 Rxa4 38.Rc8+ Kh7 39.Kxe4 Rb4 40.Rc7 Kg8 41.Rc8+ Kh7
42.Rc7 Rxb2 43.Rxf7 Rxg2 44.Be3 Rxh2 45.Re7 h4 46.Kf3 h3 47.Bf2
Rh1 48.Bh4 Rg1 49.Bg3 Rg2 50.Rxe6 Bxd4 51.Re1 Rg1 52.Re7+ Kg8 1/2-1/2

[Event "Vadsøsjakken"]
[Site "Vadsø"]
[Date "2010.08.29"]
[Round "4"]
[White "Tsjembajev, Evgenij"]
[Black "Hanssen, Gunnar Berg"]
[Result "0-1"]
[WhiteElo "2203"]
[BlackElo "2085"]
[Annotator ""]
[Source ""]
[Remark "Gruppe A"]

1.d4 Nf6 2.Nf3 e6 3.c4 b6 4.Nc3 Bb7 5.a3 d5 6.Bg5 Be7 7.e3 h6
8.Bf4 O-O 9.Rc1 c5 10.Nb5 Nc6 11.cxd5 Nxd5 12.Bg3 a6 13.Nc3 Nxc3
14.Rxc3 Bf6 15.Rd3 cxd4 16.exd4 Rc8 17.Be2 Qd5 18.O-O Rfd8 19.Be5
Bxe5 20.dxe5 Qc5 21.b4 Qe7 22.Qd2 Rxd3 23.Qxd3 Rd8 24.Qe3 b5
25.Rc1 Rd5 26.h3 Qd8 27.Bf1 Ne7 28.Ne1 Nf5 29.Qc3 Rd7 30.Nd3
Qg5 31.Nc5 Bxg2 32.f4 Qxf4 33.Bxg2 Rd2 34.Rf1 Rxg2+ 35.Kxg2 Ne3+
36.Qxe3 Qxe3 37.Rf3 Qxe5 38.Nxa6 Qg5+ 39.Kf2 Qd2+ 40.Kf1 e5 41.Nc5
f6 42.Rd3 Qf4+ 43.Ke2 e4 44.Rd8+ Kh7 45.Ne6 Qf3+ 46.Ke1 Qe3+
47.Kd1 Qb3+ 0-1

[Event "Vadsøsjakken"]
[Site "Vadsø"]
[Date "2010.08.29"]
[Round "4"]
[White "Hagesæther, Arne"]
[Black "Kristensen, Kjell Ole"]
[Result "1-0"]
[WhiteElo "2081"]
[BlackElo "2017"]
[Annotator ""]
[Source ""]
[Remark "Gruppe A"]

1.e4 c5 2.c3 e6 3.d4 d5 4.e5 Nc6 5.Nf3 Qb6 6.Be2 Nh6 7.b3 cxd4
8.cxd4 Nf5 9.Bb2 Bb4+ 10.Kf1 Bd7 11.g4 Nh6 12.Rg1 f6 13.exf6
gxf6 14.Nc3 Nf7 15.Rc1 Bd6 16.Qd2 a6 17.Nd1 Qc7 18.h4 Bf4 19.Ne3
Nd6 20.Nxd5 exd5 21.Qxf4 O-O-O 22.Rc5 h5 23.Nd2 Rhg8 24.Rxd5
Bxg4 25.Bxg4+ hxg4 26.Rxg4 Rxg4 27.Qxg4+ f5 28.Qf4 Qe7 29.Nc4
Nxc4 30.Rxd8+ Kxd8 31.bxc4 Qb4 32.Qc1 b5 33.cxb5 Qxb5+ 34.Kg1
Qd5 35.Qc5 Qf3 36.Qd6+ Ke8 37.Qg6+ Kd7 38.h5 Ne7 39.Qg5 Qe4 40.Ba3
Qe1+ 41.Kg2 Qe4+ 42.Kh2 Nd5 43.h6 Qf3 44.Qg2 Qf4+ 45.Kg1 Qxd4
46.Qg7+ Qxg7+ 47.hxg7 Nf6 48.Kg2 Ke6 49.Bb2 Ng8 50.Kf3 Kf7 51.Kf4
Kg6 52.Be5 Ne7 53.Bd6 Ng8 54.Be5 Ne7 55.Ke3 Kf7 56.a3 Ng6 57.Bb2
Ne7 58.Kd3 Ke6 59.Kc4 f4 60.Kc5 Kf7 61.Kb6 f3 62.Kxa6 Nd5 63.Kb7
Nf4 64.a4 1-0

[Event "Vadsøsjakken"]
[Site "Vadsø"]
[Date "2010.08.29"]
[Round "4"]
[White "Svenske, Jan"]
[Black "Bue, Gunnar"]
[Result "1-0"]
[WhiteElo "1717"]
[BlackElo "1674"]
[Annotator ""]
[Source ""]
[Remark "Gruppe A"]

1.c4 c5 2.Nc3 Nc6 3.Nf3 e5 4.g3 g6 5.Bg2 Bg7 6.O-O Nge7 7.d3
O-O 8.a3 d6 9.Rb1 a5 10.Bd2 h6 {(=)} 11.Ne1 Rb8 12.Nc2 Be6 13.b4
axb4 14.axb4 b6 15.Nb5 d5 16.cxd5 Bxd5 17.bxc5 Bxg2 18.Kxg2 bxc5
19.Ne3 Nd4 20.Nxd4 Rxb1 21.Qxb1 cxd4 22.Nc4 Qa8+ 23.Kg1 Rb8 24.Qc1
Kh7 25.Nd6 f5 26.Qc7 Nd5 27.Qa5 Qxa5 28.Bxa5 Nc3 29.Bxc3 dxc3
30.Rc1 Rd8 31.Nb5 e4 32.dxe4 Rc8 33.exf5 gxf5 34.e3 Kg6 35.Kf1
h5 36.Ke2 h4 37.Kd3 hxg3 38.hxg3 Ra8 39.Nxc3 Ra3 40.Kd2 Kh5 41.f3
Be5 42.Ne2 Bd6 43.Rc4 Kg5 44.g4 fxg4 45.Rxg4+ Kf6 46.Nc3 Kf7
47.Rc4 Rb3 48.Kc2 Rb7 49.Ne4 Be7 50.Rc6 Rd7 51.f4 Bh4 52.Rd6
Rc7+ 53.Kd3 Be7 54.Ra6 Rd7+ 55.Ke2 Rc7 56.f5 Rc1 57.Ra7 Ke8 58.f6
Bb4 59.Ng5 Re1+ 60.Kf2 Rd1 61.Ra8+ Rd8 62.Rxd8+ Kxd8 63.Kf3 Kd7
64.e4 Bf8 65.Kf4 Kc6 66.Kf5 Kd6 67.Nh7 1-0

[Event "Vadsøsjakken"]
[Site "Vadsø"]
[Date "2010.08.29"]
[Round "4"]
[White "Aanstad, Magnus"]
[Black "Brasøy, Aksel"]
[Result "1-0"]
[WhiteElo "1896"]
[BlackElo "1917"]
[Annotator ""]
[Source ""]
[Remark "Gruppe A"]

1.e4 c5 2.d4 cxd4 3.c3 dxc3 4.Nxc3 Nc6 5.Nf3 d6 6.Bc4 a6 7.O-O
Nf6 8.a4 e6 9.Qe2 Be7 10.Rd1 Qc7 11.Be3 O-O 12.Rac1 Qa5 13.h3
Bd7 14.Bg5 Ne5 15.Nxe5 Qxe5 16.f4 Qc5+ 17.Kh1 Bc6 18.Ba2 Qb4
19.Bb1 Rfe8 20.e5 dxe5 21.fxe5 Nd5 22.Ne4 Bxg5 23.Nxg5 h6 24.Rc4
Qe7 25.Nf3 f5 26.exf6 Nxf6 27.Ne5 Bd5 28.Rcd4 Rac8 29.Qd3 Rc5
30.Ng4 Nxg4 31.Qh7+ Kf8 32.Rf1+ Nf6 33.Bg6 Qd8 34.Rdf4 Bxg2+
35.Kxg2 Rg5+ 36.Kh1 Rxg6 37.Qxg6 Qd5+ 38.R1f3 Qd1+ 39.Kh2 Qd6
40.Kg3 Re7 41.Rd3 Qc7 42.Rc3 Qb8 43.Kf3 Rf7 44.Qc2 Ne8 45.Rxf7+
Kxf7 46.Qe4 Nf6 47.Qc4 Nd5 48.Rc2 Qe5 49.Qe4 Qh5+ 50.Kg2 Ke7
51.Re2 Qg5+ 52.Kh2 Qf4+ 53.Qxf4 Nxf4 54.Rc2 Nd5 55.Kg3 b6 56.Kf3
Kf6 57.Ke4 g5 58.Rf2+ Nf4 59.h4 1-0

[Event "Vadsøsjakken"]
[Site "Vadsø"]
[Date "2010.08.29"]
[Round "4"]
[White "Tiviakov, Sergei"]
[Black "Holm, Kristian Stuvik"]
[Result "1-0"]
[WhiteElo "2623"]
[BlackElo "2035"]
[Annotator ""]
[Source ""]
[Remark "Gruppe A"]

1.e4 c5 2.c3 Nf6 3.e5 Nd5 4.g3 d6 5.exd6 Qxd6 6.Bg2 Nc6 7.Nf3
Qe6+ 8.Qe2 Nc7 9.d3 Qxe2+ 10.Kxe2 Bf5 11.Be3 O-O-O 12.Rd1 e6
13.Ng5 Bg4+ 14.f3 Bh5 15.a3 f5 16.b4 h6 17.Nh3 b6 18.bxc5 bxc5
19.Nd2 Nd5 20.Rac1 Nxe3 21.Kxe3 g5 22.Nc4 Bg7 23.Nf2 Ne5 24.Na5
Kc7 25.d4 Nc6 26.Nxc6 Kxc6 27.Nd3 cxd4+ 28.cxd4+ Kd6 29.Rc5 Rb8
30.Nb4 a5 31.Rxa5 Ra8 32.Rxa8 Rxa8 33.Rd3 f4+ 34.gxf4 gxf4+ 35.Kxf4
Bg6 36.Rc3 Bxd4 37.Rc6+ Kd7 38.Bh3 Rf8+ 39.Kg3 Bf5 40.Bxf5 Rxf5
41.Rc4 Bc5 42.h3 Bxb4 43.axb4 Rb5 44.Rf4 Ke7 45.Kf2 Rh5 46.h4
Re5 47.Re4 Rd5 48.Ke3 Rd1 49.Rd4 Rb1 50.Kd2 e5 51.Re4 Kf6 52.Kc2
Rf1 53.Re3 Rh1 54.b5 Rxh4 55.b6 Rc4+ 56.Rc3 Rb4 57.Rb3 Rc4+ 58.Kd3
Rc8 59.b7 Rb8 60.Ke4 h5 61.Rb6+ Kg5 62.Kxe5 h4 63.f4+ Kg4 64.f5
Kg5 65.f6 Kg6 66.Kd6 1-0

[Event "Vadsøsjakken"]
[Site "Vadsø"]
[Date "2010.08.29"]
[Round "4"]
[White "Savenkova, Anna"]
[Black "Johnsen, Kjell Magne"]
[Result "1-0"]
[WhiteElo "2141"]
[BlackElo "1937"]
[Annotator ""]
[Source ""]
[Remark "Gruppe A"]

1.d4 d5 2.e3 Bf5 3.f4 e6 4.Nf3 Nd7 5.Bd3 Bxd3 6.Qxd3 Ngf6 7.Nbd2
c5 8.c3 Be7 9.O-O O-O 10.Ne5 Qc7 11.Kh1 Rad8 12.b3 cxd4 13.exd4
Rc8 14.Bb2 Qb6 15.a4 a5 16.Qb5 Rc7 17.c4 Bb4 18.Ndf3 Qxb5 19.axb5
Nxe5 20.fxe5 Ne4 21.c5 f6 22.b6 Rcc8 23.exf6 gxf6 24.Ba3 Bc3
25.Rac1 Rf7 26.Kg1 e5 27.Rfd1 Rd7 28.Rd3 exd4 29.Nxd4 Bxd4+ 30.Rxd4
Kf7 31.Rc2 Rc6 32.Ra4 Ke6 33.Rxa5 d4 34.Rc1 d3 35.Bb4 d2 36.Rd1
Rd4 37.Ra4 Nxc5 38.Bxc5 Rxa4 39.bxa4 Rxc5 40.Rxd2 Rc1+ 41.Kf2
Rb1 42.a5 Rb5 43.Rd8 Rxa5 44.Rb8 Rf5+ 45.Kg1 Kd6 46.Rxb7 h5 47.g3
Kc6 48.Rb8 h4 49.gxh4 Rh5 50.Kg2 Rxh4 51.Kg3 Rh5 52.Rf8 Kxb6
53.Rxf6+ Kc7 54.h4 Kd7 55.Kg4 Rh8 56.Kg5 Ke7 57.Rf4 Rf8 58.Ra4
Kf7 59.h5 Rg8+ 60.Kf5 Kg7 61.Ra6 Rf8+ 62.Kg5 Rg8 63.Ra7+ Kh8+
64.Kh6 Rb8 65.Rg7 Rb6+ 66.Rg6 1-0

[Event "Vadsøsjakken"]
[Site "Vadsø"]
[Date "2010.08.29"]
[Round "5"]
[White "Rølvåg, Mikael"]
[Black "Aanstad, Magnus"]
[Result "1/2-1/2"]
[WhiteElo "2086"]
[BlackElo "1896"]
[Annotator ""]
[Source ""]
[Remark "Gruppe A"]

1.d4 Nf6 2.c4 e5 3.dxe5 Ng4 4.e3 Nxe5 5.Nh3 g6 6.Nf4 Bg7 7.Be2
d6 8.Nc3 O-O 9.O-O Nbd7 10.Bd2 a5 11.Qc2 Nc5 1/2-1/2

[Event "Vadsøsjakken"]
[Site "Vadsø"]
[Date "2010.08.29"]
[Round "5"]
[White "Lubnin, Leonid"]
[Black "Esbensen, Andreas"]
[Result "1/2-1/2"]
[WhiteElo "2178"]
[BlackElo "2050"]
[Annotator ""]
[Source ""]
[Remark "Gruppe A"]

1.c4 e6 2.b3 Nf6 3.Bb2 b6 4.Nf3 Bb7 5.e3 Be7 6.Be2 O-O 7.O-O
d5 8.d4 Nbd7 9.Nbd2 Rc8 10.a3 c5 11.Rc1 Ne4 12.dxc5 Nxd2 13.Nxd2
Nxc5 14.b4 Nd7 15.Bf3 Bf6 16.Bxf6 Nxf6 17.Qa4 a5 18.bxa5 1/2-1/2

[Event "Vadsøsjakken"]
[Site "Vadsø"]
[Date "2010.08.29"]
[Round "5"]
[White "Schølseth, Tor Kristian"]
[Black "Tsjembajev, Evgenij"]
[Result "0-1"]
[WhiteElo "2017"]
[BlackElo "2203"]
[Annotator ""]
[Source ""]
[Remark "Gruppe A"]

1.d4 e6 2.c4 d5 3.Nf3 Nf6 4.g3 c5 5.cxd5 exd5 6.Bg2 Nc6 7.O-O
h6 8.Nc3 Be6 9.b3 Rc8 10.Bb2 cxd4 11.Nxd4 Nxd4 12.Qxd4 Bc5 13.Qd3
Qd7 14.Rfd1 Rd8 15.Rac1 b6 16.Qb5 O-O 17.Qxd7 Rxd7 18.Rd2 Rfd8
19.Rcd1 Ng4 20.e3 d4 21.exd4 Bxd4 22.Re1 Bc5 23.Rde2 Nxf2 24.Na4
Nd3+ 25.Nxc5 Nxc5 26.Ba3 Rd2 27.Bxc5 bxc5 28.Be4 Kf8 29.Kf2 c4
30.Bc2 Bg4 0-1